[Event "Liberec op 18th"]
[Site "Liberec"]
[Date "2018.03.02"]
[Round "8"]
[White "Ruzicka, Vaclav1111"]
[Black "Mezykowska, Emilia"]
[Result "0-1"]
[WhiteElo "1614"]
[BlackElo "1260"]
[PlyCount "44"]
[EventDate "2018.02.24"]
[EventType "swiss"]
[EventRounds "9"]
[EventCountry "CZE"]
[SourceTitle "CBM 183 Extra"]
[Source "ChessBase"]
[SourceDate "2018.04.19"]
[SourceVersion "1"]
[SourceVersionDate "2018.04.19"]
[SourceQuality "1"]

1. c4 e5 2. g3 Nf6 3. Bg2 c6 4. Nc3 d5 5. cxd5 cxd5 6. d4 exd4 7. Qxd4 Nc6 8. Qa4 d4 9. Ne4 Bb4+ 10. Bd2 Bxd2+ 11. Nxd2 0-0 12. Ngf3 Re8 13. Qc4 Qe7 14. Bf1 Ne4 15. Nxe4 Qxe4 16. 0-0-0 Bf5 17. Qd3 Nb4 18. Qxe4 Rac8+ 19. Kd2 Bxe4 20. a3 Rc2+ 21. Ke1 Bxf3 22. Rg1 Bxe2 0-1

[Event "EU-ch U12 Girls 27th"]
[Site "Mamaia"]
[Date "2017.09.09"]
[Round "5"]
[White "Mezykowska, Emilia"]
[Black "Bordin, Silvia"]
[Result "1/2-1/2"]
[WhiteElo "1313"]
[BlackElo "1603"]
[PlyCount "48"]
[EventDate "2017.09.05"]
[EventType "swiss"]
[EventRounds "9"]
[EventCountry "ROU"]
[SourceTitle "EXT 2018"]
[Source "ChessBase"]
[SourceDate "2017.10.13"]
[SourceVersion "1"]
[SourceVersionDate "2017.10.13"]
[SourceQuality "1"]

1. e4 e5 2. Nf3 Nc6 3. d4 exd4 4. Nxd4 Qh4 5. Nb5 Qxe4+ 6. Be3 Kd8 7. N1c3 Qe5 8. Bc4 a6 9. Nd4 Nxd4 10. Qxd4 Qxd4 11. Bxd4 f6 12. 0-0-0 Nh6 13. Nd5 Nf5 14. Bc3 Nd6 15. Bb3 Nb5 16. Bd2 Bc5 17. f3 d6 18. Rhe1 Bf5 19. g4 Bg6 20. Nf4 Nd4 21. Bc3 Nxb3+ 22. axb3 Kd7 23. Ne6 Bf2 24. Re2 Rhg8 1/2-1/2

[Event "EU-ch U12 Girls 27th"]
[Site "Mamaia"]
[Date "2017.09.05"]
[Round "1"]
[White "Mezykowska, Emilia"]
[Black "Goraj, Barbara"]
[Result "0-1"]
[WhiteElo "1313"]
[BlackElo "1711"]
[PlyCount "53"]
[EventDate "2017.09.05"]
[EventType "swiss"]
[EventRounds "9"]
[EventCountry "ROU"]
[SourceTitle "CBM 180 Extra"]
[Source "ChessBase"]
[SourceDate "2017.10.06"]
[SourceVersion "1"]
[SourceVersionDate "2017.10.06"]
[SourceQuality "1"]

1. e4 c6 2. Nf3 d5 3. Nc3 Bg4 4. h3 Bxf3 5. Qxf3 e6 6. Be2 Bd6 7. d4 dxe4 8. Nxe4 Be7 9. c3 Nf6 10. Bg5 Nxe4 11. Bxe7 Qxe7 12. Qxe4 Nd7 13. Qe3 0-0 14. 0-0 c5 15. Rad1 Rad8 16. d5 e5 17. Bb5 Nb6 18. f4 e4 19. d6 Rxd6 20. Rxd6 Qxd6 21. Qxe4 c4 22. Qxb7 Qc5+ 23. Kh1 Qxb5 24. Qxa7 Qxb2 25. a4 Nd5 26. Qc5 Qe2 27. Rf3 0-1